Be my baby - The Ronettes, lyrics - Statistics

General Stats
  • This quiz has been taken 88 times
  • The average score is 228 of 261
Answer Stats
Lyrics % Correct
Baby)
100%
Baby
100%
Baby,
100%
(Be
100%
Be
100%
My,
100%
My
100%
(My
100%
You
97%
You,
97%
I
95%
And
92%
Me?
92%
Me
92%
The
90%
So
89%
Love
87%
We
87%
Every
85%
Of
85%
Oh,
85%
Oh
85%
On
85%
Won’t
85%
I’ll
84%
Little
84%
Say
84%
Make
82%
Go
79%
Night
79%
One
79%
Only
79%
Knew
77%
Met
77%
Needed
77%
Place
77%
Proud
77%
Darlin’
75%
For
75%
Never
74%
Please
74%
’em
72%
If
72%
Kiss
72%
Three
72%
Give
70%
Let
70%
See
70%
We’ll
70%
Heads
69%
Now
69%
Their
69%
Turn
69%
Wait
69%
Just
67%
Had
66%
Happy,
66%
I’d
66%
Chance
64%
Day
62%
You’ll
62%
Saw
56%
Since
51%
Been
49%
Waiting
49%
Have
46%
Eternity
43%
’til
39%
Know
38%
Will
36%
Adore
30%
Come
26%
Woah,
20%
No matching quizzes found
Score Distribution
Percent of People with Each Score
Percentile by Number Answered
Your Score History
You have not taken this quiz